000 nam a22 7a 4500
999 _c8506
_d8506
008 180117b ||||| |||| 00| 0 eng d
100 _aBhatia.K.
_94898
245 _aExpressions in Art
260 _aNew Delhi
_bNavdeep
_c2007